[Event "RE-2021-0-00227"]
[Site "LSS email"]
[Date "2021.01.18"]
[Round "?"]
[White "Wilshusen, Horst"]
[Black "Raines, David T"]
[Result "0-1"]
[WhiteElo "1151"]
[BlackElo "1254"]
[PlyCount "65"]
[EventDate "2020.10.12"]
[EventType "tourn (corr)"]
[EventRounds "6"]
[EventCountry "GER"]
[SourceTitle "Corr 2022"]
[Source "ChessBase"]
[SourceDate "2021.10.24"]
[SourceVersion "1"]
[SourceVersionDate "2021.10.24"]
[SourceQuality "1"]

1. e4 d6 2. d4 Nf6 3. Nc3 c6 4. Be2 g6 5. f4 Bg7 6. Nf3 0-0 7. 0-0 a5 8. Kh1 Na6 9. Be3 Ng4 10. Bg1 e5 11. dxe5 dxe5 12. h3 Nf6 13. Nxe5 Qe7 14. Bf3 Nd7 15. Nd3 Ndc5 16. Nxc5 Nxc5 17. Qe2 Ne6 18. g3 Nd4 19. Qg2 Be6 20. Rad1 Rfd8 21. Kh2 Bc4 22. Rfe1 Qb4 23. e5 Nxf3+ 24. Qxf3 Qxb2 25. Bc5 Rxd1 26. Rxd1 Qxc2+ 27. Kg1 Bxa2 28. Be7 Bf8 29. Bf6 Bc5+ 30. Kh1 Be6 31. g4 Bb4 32. Qd3 Qxd3 33. Rxd3 0-1

[Event "LSS No Engine Cup 212 Preliminary 0"]
[Site "LSS email"]
[Date "2021.01.05"]
[Round "?"]
[White "Raines, David T"]
[Black "Korchut, Adam"]
[Result "0-1"]
[WhiteElo "1371"]
[BlackElo "1956"]
[PlyCount "68"]
[EventDate "2021.01.05"]
[EventType "tourn (corr)"]
[EventRounds "6"]
[EventCountry "GER"]
[SourceTitle "Corr 2022"]
[Source "ChessBase"]
[SourceDate "2021.10.24"]
[SourceVersion "1"]
[SourceVersionDate "2021.10.24"]
[SourceQuality "1"]

1. d4 d5 2. Bf4 c6 3. c3 Nf6 4. e3 Bf5 5. Nd2 Qb6 6. Qb3 h6 7. h3 Nbd7 8. Ngf3 e6 9. Be2 Be7 10. 0-0 0-0 11. Rfc1 g5 12. Bg3 Rfc8 13. a4 Qxb3 14. Nxb3 a5 15. Ne5 Nxe5 16. Bxe5 Nd7 17. Bg3 Kg7 18. Re1 Rh8 19. Rac1 h5 20. Nd2 Kg6 21. c4 h4 22. Bh2 Nb6 23. b3 Ba3 24. Nf3 Bxc1 25. Rxc1 Nd7 26. Ne5+ Nxe5 27. Bxe5 f6 28. Bd6 Rhd8 29. Bc7 Rd7 30. Bh2 c5 31. dxc5 Rc8 32. Bd6 b6 33. Bh2 Rxc5 34. Kf1 dxc4 0-1

[Event "LSS No Engine Cup 212 Preliminary 0"]
[Site "LSS email"]
[Date "2021.01.05"]
[Round "?"]
[White "Raines, David T"]
[Black "Kreuchauf, Olaf"]
[Result "1/2-1/2"]
[WhiteElo "1371"]
[BlackElo "1600"]
[PlyCount "53"]
[EventDate "2021.01.05"]
[EventType "tourn (corr)"]
[EventRounds "6"]
[EventCountry "GER"]
[SourceTitle "Corr 2022"]
[Source "ChessBase"]
[SourceDate "2021.10.24"]
[SourceVersion "1"]
[SourceVersionDate "2021.10.24"]
[SourceQuality "1"]

1. d4 d5 2. Bf4 e6 3. e3 c5 4. c3 f5 5. Nd2 Nf6 6. h3 c4 7. Ngf3 Bd6 8. Ne5 0-0 9. Be2 b5 10. a3 Nfd7 11. Ndf3 Qc7 12. 0-0 a5 13. Ng5 Nxe5 14. dxe5 Be7 15. Nf3 Nc6 16. h4 Rb8 17. h5 h6 18. Qd2 b4 19. axb4 axb4 20. Rfb1 Bd7 21. b3 cxb3 22. Rxb3 bxc3 23. Qxc3 Rxb3 24. Qxb3 Be8 25. Qc2 Qb7 26. Nd4 Nxd4 27. exd4 1/2-1/2

[Event "LSS No Engine Cup 212 Preliminary 0"]
[Site "LSS email"]
[Date "2021.01.05"]
[Round "?"]
[White "Raines, David T"]
[Black "Tylecek, Drahomir"]
[Result "1-0"]
[WhiteElo "1371"]
[BlackElo "1510"]
[PlyCount "51"]
[EventDate "2021.01.05"]
[EventType "tourn (corr)"]
[EventRounds "6"]
[EventCountry "GER"]
[SourceTitle "Corr 2022"]
[Source "ChessBase"]
[SourceDate "2021.10.24"]
[SourceVersion "1"]
[SourceVersionDate "2021.10.24"]
[SourceQuality "1"]

1. d4 Nf6 2. Bf4 g6 3. Nc3 d5 4. e3 Bg7 5. h4 0-0 6. h5 Bg4 7. f3 Bxh5 8. g4 Nc6 9. gxh5 Nxh5 10. Bg5 Qd6 11. f4 Rad8 12. Rxh5 gxh5 13. Qxh5 Qg6 14. Qh2 h6 15. Bh4 Nxd4 16. Bd3 Nf5 17. Bxe7 Bxc3+ 18. bxc3 Rde8 19. Bxf8 Rxe3+ 20. Kd2 Rxd3+ 21. cxd3 Kxf8 22. Nf3 Qb6 23. Kc2 Ne3+ 24. Kc1 c5 25. Rb1 Qa6 26. Ne5 1-0

[Event "RE-2020-0-00226"]
[Site "LSS email"]
[Date "2020.12.19"]
[Round "?"]
[White "Raines, David T"]
[Black "Couspeyre, Thierry"]
[Result "1-0"]
[WhiteElo "1243"]
[BlackElo "1277"]
[PlyCount "49"]
[EventDate "2020.10.01"]
[EventType "tourn (corr)"]
[EventRounds "6"]
[EventCountry "GER"]
[SourceTitle "Corr 2022"]
[Source "ChessBase"]
[SourceDate "2021.10.24"]
[SourceVersion "1"]
[SourceVersionDate "2021.10.24"]
[SourceQuality "1"]

1. d4 d5 2. Bf4 c6 3. c3 Bf5 4. e3 Nf6 5. Nd2 e6 6. h3 Bd6 7. Ngf3 0-0 8. Ne5 h6 9. g4 Bh7 10. h4 Nfd7 11. Ndf3 c5 12. Bd3 Bxd3 13. Qxd3 Nc6 14. 0-0-0 Ndxe5 15. dxe5 Bc7 16. e4 d4 17. h5 dxc3 18. Qxc3 Qb8 19. g5 hxg5 20. Bxg5 b5 21. h6 Nd4 22. Qe3 Nxf3 23. Qxf3 Bxe5 24. hxg7 Bxg7 25. Bf6 1-0

[Event "RE-2020-0-00226"]
[Site "LSS email"]
[Date "2020.12.14"]
[Round "?"]
[White "Raines, David T"]
[Black "Stadler, Pavel"]
[Result "1-0"]
[WhiteElo "1243"]
[BlackElo "1222"]
[PlyCount "93"]
[EventDate "2020.10.01"]
[EventType "tourn (corr)"]
[EventRounds "6"]
[EventCountry "GER"]
[SourceTitle "Corr 2022"]
[Source "ChessBase"]
[SourceDate "2021.10.24"]
[SourceVersion "1"]
[SourceVersionDate "2021.10.24"]
[SourceQuality "1"]

1. d4 Nf6 2. Bf4 d6 3. Nc3 g6 4. e3 Bg7 5. h4 c6 6. h5 Be6 7. h6 Bf8 8. Qd2 Nh5 9. Be2 Nxf4 10. exf4 Nd7 11. Nf3 Nb6 12. b3 f6 13. Qe3 Bf7 14. a4 Qc7 15. a5 Nd7 16. Kf1 0-0-0 17. g3 e5 18. dxe5 dxe5 19. fxe5 Bc5 20. Qe4 Nxe5 21. Nxe5 fxe5 22. Qg4+ Kb8 23. Ne4 Be7 24. Bc4 Rhf8 25. Kg2 Bxc4 26. bxc4 Rd4 27. Qe2 Qd7 28. Rhb1 Qf5 29. f3 Qe6 30. c5 Qc4 31. Qxc4 Rxc4 32. a6 Rxc2+ 33. Kh3 Bxc5 34. Rxb7+ Kc8 35. Nxc5 Rxc5 36. Rxa7 Rxf3 37. Rxh7 Rcc3 38. Rg1 Ra3 39. Rg7 Rf5 40. Rxg6 Rxa6 41. Kg4 Rf8 42. Rg7 c5 43. Kg5 Rh8 44. h7 Re6 45. Rg8+ Re8 46. Rxh8 Rxh8 47. Kg6 1-0

[Event "RE-2020-0-00227"]
[Site "LSS email"]
[Date "2020.12.13"]
[Round "?"]
[White "Kreuchauf, Olaf"]
[Black "Raines, David T"]
[Result "1/2-1/2"]
[WhiteElo "1223"]
[BlackElo "1254"]
[PlyCount "32"]
[EventDate "2020.10.12"]
[EventType "tourn (corr)"]
[EventRounds "6"]
[EventCountry "GER"]
[SourceTitle "Corr 2022"]
[Source "ChessBase"]
[SourceDate "2021.10.24"]
[SourceVersion "1"]
[SourceVersionDate "2021.10.24"]
[SourceQuality "1"]

1. c4 Nf6 2. Nc3 e6 3. e4 d5 4. cxd5 exd5 5. e5 Ne4 6. Nf3 Bf5 7. d4 Bb4 8. Qa4+ Nc6 9. Bd2 Nxd2 10. Nxd2 Bxc3 11. bxc3 a6 12. Be2 0-0 13. 0-0 b5 14. Qd1 Na5 15. Bf3 c6 16. Nb3 Nc4 1/2-1/2

[Event "RE-2020-0-00225"]
[Site "LSS email"]
[Date "2020.11.22"]
[Round "?"]
[White "Obrien, Glenn"]
[Black "Raines, David T"]
[Result "1-0"]
[WhiteElo "1334"]
[BlackElo "1271"]
[PlyCount "29"]
[EventDate "2020.07.09"]
[EventType "tourn (corr)"]
[EventRounds "6"]
[EventCountry "GER"]
[SourceTitle "Corr 2022"]
[Source "ChessBase"]
[SourceDate "2021.10.24"]
[SourceVersion "1"]
[SourceVersionDate "2021.10.24"]
[SourceQuality "1"]

1. e4 c6 2. d4 d5 3. Nc3 dxe4 4. Nxe4 Nf6 5. Nxf6+ exf6 6. c3 Bd6 7. Bd3 0-0 8. Qc2 Re8+ 9. Ne2 g6 10. h4 Be6 11. h5 Qc7 12. hxg6 fxg6 13. Bxg6 hxg6 14. Qxg6+ Kf8 15. Qxf6+ 1-0

[Event "SE-2020-0-00322"]
[Site "LSS email"]
[Date "2020.11.04"]
[Round "?"]
[White "Raines, David T"]
[Black "Verich, Oleg"]
[Result "1-0"]
[WhiteElo "1242"]
[BlackElo "1165"]
[PlyCount "53"]
[EventDate "2020.09.17"]
[EventType "tourn (corr)"]
[EventRounds "6"]
[EventCountry "GER"]
[SourceTitle "Corr 2022"]
[Source "ChessBase"]
[SourceDate "2021.10.24"]
[SourceVersion "1"]
[SourceVersionDate "2021.10.24"]
[SourceQuality "1"]

1. d4 Nf6 2. c4 e5 3. d5 Bb4+ 4. Bd2 Bxd2+ 5. Qxd2 d6 6. Nc3 Bf5 7. f3 Nbd7 8. e4 Bg6 9. Bd3 Nh5 10. Nge2 Nc5 11. 0-0 0-0 12. Bc2 Qh4 13. b4 Nd7 14. Ba4 Nb6 15. Bb3 h6 16. c5 Nd7 17. c6 bxc6 18. dxc6 Nb6 19. a4 Nf4 20. Nxf4 Qxf4 21. Qxf4 exf4 22. a5 Nc8 23. Nd5 a6 24. Nxc7 Ra7 25. Nxa6 Re7 26. b5 Ra7 27. Bc4 1-0

[Event "SE-2020-0-00322"]
[Site "LSS email"]
[Date "2020.11.02"]
[Round "?"]
[White "Raines, David T"]
[Black "Lonyuk, Bohdan"]
[Result "0-1"]
[WhiteElo "1242"]
[BlackElo "1329"]
[PlyCount "20"]
[EventDate "2020.09.17"]
[EventType "tourn (corr)"]
[EventRounds "6"]
[EventCountry "GER"]
[SourceTitle "Corr 2022"]
[Source "ChessBase"]
[SourceDate "2021.10.24"]
[SourceVersion "1"]
[SourceVersionDate "2021.10.24"]
[SourceQuality "1"]

1. d4 Nf6 2. c4 g6 3. f3 Nc6 4. e4 e5 5. d5 Nd4 6. Ne2 c5 7. dxc6 dxc6 8. Nbc3 Bc5 9. Bh6 Ng4 10. Bc1 Nxf3+ 0-1

[Event "IECC CL0-2020.00 email"]
[Site "IECC email"]
[Date "2020.10.31"]
[Round "?"]
[White "Raines, David T"]
[Black "Chura, Michal"]
[Result "1-0"]
[WhiteElo "1195"]
[BlackElo "1077"]
[PlyCount "41"]
[EventDate "2020.06.13"]
[EventType "tourn (corr)"]
[EventRounds "4"]
[SourceTitle "Corr 2022"]
[Source "ChessBase"]
[SourceDate "2021.10.24"]
[SourceVersion "1"]
[SourceVersionDate "2021.10.24"]
[SourceQuality "1"]

1. d4 Nf6 2. c4 e6 3. Nc3 Bb4 4. e3 0-0 5. Bd2 b6 6. Bd3 Bb7 7. f3 c5 8. a3 cxd4 9. axb4 dxc3 10. Bxc3 d5 11. c5 Nbd7 12. cxb6 Nxb6 13. Ne2 Qd7 14. 0-0 Rfe8 15. Nd4 h6 16. Bb5 Qe7 17. Bxe8 Qxe8 18. Qe2 a5 19. bxa5 Ba6 20. Qe1 Bxf1 21. Qxf1 1-0

[Event "SE-2020-0-00322"]
[Site "LSS email"]
[Date "2020.10.30"]
[Round "?"]
[White "Shim Ng Min, Francis"]
[Black "Raines, David T"]
[Result "1/2-1/2"]
[WhiteElo "1216"]
[BlackElo "1242"]
[PlyCount "62"]
[EventDate "2020.09.17"]
[EventType "tourn (corr)"]
[EventRounds "6"]
[EventCountry "GER"]
[SourceTitle "Corr 2022"]
[Source "ChessBase"]
[SourceDate "2021.10.24"]
[SourceVersion "1"]
[SourceVersionDate "2021.10.24"]
[SourceQuality "1"]

1. d4 Nf6 2. Nc3 d5 3. e4 dxe4 4. f3 exf3 5. Nxf3 Bg4 6. Bc4 e6 7. 0-0 Be7 8. Be3 0-0 9. Qe1 Nbd7 10. Qg3 Nb6 11. Bd3 Bh5 12. Ne5 Nbd5 13. Bh6 Bg6 14. Nxg6 hxg6 15. Nxd5 Nxd5 16. Bd2 Bf6 17. c3 Qd6 18. Qe1 c5 19. dxc5 Qxc5+ 20. Kh1 Rfd8 21. Rd1 Qb6 22. c4 Ne7 23. Ba5 Qxb2 24. Bxd8 Rxd8 25. Bb1 Rc8 26. Qe3 Nc6 27. Qb3 Na5 28. Qa4 Nxc4 29. Rc1 b5 30. Qxa7 Rf8 31. Qf2 Qxf2 1/2-1/2

[Event "RE-2020-0-00224"]
[Site "LSS email"]
[Date "2020.10.23"]
[Round "?"]
[White "Slavin, Pablo"]
[Black "Raines, David T"]
[Result "1-0"]
[WhiteElo "1268"]
[BlackElo "1255"]
[PlyCount "35"]
[EventDate "2020.06.07"]
[EventType "tourn (corr)"]
[EventRounds "6"]
[EventCountry "GER"]
[SourceTitle "Corr 2022"]
[Source "ChessBase"]
[SourceDate "2021.10.24"]
[SourceVersion "1"]
[SourceVersionDate "2021.10.24"]
[SourceQuality "1"]

1. e4 e5 2. Nf3 d6 3. d4 exd4 4. Nxd4 Nf6 5. Nc3 Be7 6. Be2 0-0 7. 0-0 a6 8. a4 a5 9. h3 Na6 10. Nb3 c6 11. Be3 Be6 12. Nd4 Nc7 13. f4 Bc8 14. Qe1 Ne6 15. Nf5 Qc7 16. Qg3 Kh8 17. Rad1 Nc5 18. Qxg7# 1-0

[Event "SE-2020-0-00320"]
[Site "LSS email"]
[Date "2020.10.20"]
[Round "?"]
[White "Grimm, Wolfgang"]
[Black "Raines, David T"]
[Result "1-0"]
[WhiteElo "1392"]
[BlackElo "1271"]
[PlyCount "43"]
[EventDate "2020.08.18"]
[EventType "tourn (corr)"]
[EventRounds "6"]
[EventCountry "GER"]
[SourceTitle "Corr 2022"]
[Source "ChessBase"]
[SourceDate "2021.10.24"]
[SourceVersion "1"]
[SourceVersionDate "2021.10.24"]
[SourceQuality "1"]

1. Nf3 d5 2. e3 Nf6 3. d4 Bf5 4. Bd3 Bg4 5. h3 Bh5 6. 0-0 e6 7. c4 Nbd7 8. Nc3 Be7 9. cxd5 exd5 10. e4 dxe4 11. Nxe4 0-0 12. Ng3 Bg6 13. Nf5 Re8 14. Re1 Bb4 15. Rxe8+ Qxe8 16. Qb3 Ba5 17. Qxb7 Bb6 18. Ne7+ Kf8 19. Nxg6+ hxg6 20. Bf4 Qc8 21. Qc6 Nb8 22. Qxa8 1-0

[Event "SE-2020-0-00317"]
[Site "LSS email"]
[Date "2020.08.08"]
[Round "?"]
[White "Raines, David T"]
[Black "Endean, Andrew"]
[Result "1/2-1/2"]
[WhiteElo "1311"]
[BlackElo "1290"]
[PlyCount "23"]
[EventDate "2020.05.22"]
[EventType "tourn (corr)"]
[EventRounds "6"]
[EventCountry "GER"]
[SourceTitle "Corr 2022"]
[Source "ChessBase"]
[SourceDate "2021.10.24"]
[SourceVersion "1"]
[SourceVersionDate "2021.10.24"]
[SourceQuality "1"]

1. d4 d5 2. Bf4 Nf6 3. e3 Bf5 4. c4 e6 5. Nc3 Bb4 6. Qb3 Nc6 7. Nf3 a5 8. cxd5 exd5 9. Bb5 0-0 10. Bxc6 bxc6 11. a3 Bd6 12. Ne5 1/2-1/2

[Event "SE-2020-0-00314"]
[Site "LSS email"]
[Date "2020.07.04"]
[Round "?"]
[White "Raines, David T"]
[Black "Lukin, Andrey"]
[Result "1/2-1/2"]
[WhiteElo "1211"]
[BlackElo "1358"]
[PlyCount "72"]
[EventDate "2020.03.01"]
[EventType "tourn (corr)"]
[EventRounds "6"]
[EventCountry "GER"]
[SourceTitle "Corr 2022"]
[Source "ChessBase"]
[SourceDate "2021.10.24"]
[SourceVersion "1"]
[SourceVersionDate "2021.10.24"]
[SourceQuality "1"]

1. d4 Nf6 2. c4 g6 3. Nc3 d5 4. cxd5 Nxd5 5. e4 Nxc3 6. bxc3 Bg7 7. Be3 c5 8. Rc1 0-0 9. Nf3 Bg4 10. Be2 Nc6 11. d5 Ne5 12. Nxe5 Bxe2 13. Qxe2 Bxe5 14. 0-0 Qc7 15. f4 Bg7 16. c4 a6 17. Rfd1 Rfd8 18. Qf3 Qa5 19. Qf2 Rac8 20. h3 b6 21. Kh1 Qa3 22. Rb1 Qa4 23. Rdc1 Rb8 24. g4 Qd7 25. e5 e6 26. Rd1 exd5 27. Rxd5 Qc7 28. Kh2 g5 29. Re1 Rxd5 30. cxd5 Rd8 31. d6 Qd7 32. Qe2 Qe6 33. Qxa6 gxf4 34. Bxf4 Rxd6 35. exd6 Qxe1 36. Qc8+ Bf8 1/2-1/2

[Event "SE-2020-0-00314"]
[Site "LSS email"]
[Date "2020.07.04"]
[Round "?"]
[White "Raines, David T"]
[Black "Obrien, Glenn"]
[Result "0-1"]
[WhiteElo "1211"]
[BlackElo "1362"]
[PlyCount "88"]
[EventDate "2020.03.01"]
[EventType "tourn (corr)"]
[EventRounds "6"]
[EventCountry "GER"]
[SourceTitle "Corr 2022"]
[Source "ChessBase"]
[SourceDate "2021.10.24"]
[SourceVersion "1"]
[SourceVersionDate "2021.10.24"]
[SourceQuality "1"]

1. d4 Nf6 2. c4 e6 3. Nc3 Bb4 4. f3 d5 5. a3 Bxc3+ 6. bxc3 c5 7. cxd5 Nxd5 8. dxc5 Qa5 9. e4 Ne7 10. Be3 0-0 11. Qb3 Qc7 12. Bb5 Nec6 13. Ne2 Na5 14. Qb4 e5 15. 0-0 Na6 16. Bxa6 bxa6 17. Rad1 Be6 18. Rd5 Rfb8 19. Qa4 Bxd5 20. exd5 Rb5 21. d6 Qc6 22. Ng3 Rxc5 23. Qg4 Rc4 24. Nf5 Rxg4 25. Ne7+ Kf8 26. Nxc6 Ra4 27. Nxa5 Rxa5 28. Rd1 Rd8 29. c4 Ra4 30. Rc1 Ke8 31. c5 Rxa3 32. Kf2 Ra2+ 33. Kg3 Kd7 34. f4 e4 35. f5 a5 36. Bf4 Ra3+ 37. Kf2 Kc6 38. Rc2 Re8 39. Be3 a4 40. Rb2 Re5 41. g4 Rb3 42. Ra2 a3 43. Bc1 Rxc5 44. Bxa3 Rcc3 0-1

[Event "RE-2020-0-00221"]
[Site "LSS email"]
[Date "2020.06.21"]
[Round "?"]
[White "Raines, David T"]
[Black "Endean, Andrew"]
[Result "1/2-1/2"]
[WhiteElo "1200"]
[BlackElo "1255"]
[PlyCount "25"]
[EventDate "2020.02.07"]
[EventType "tourn (corr)"]
[EventRounds "6"]
[EventCountry "GER"]
[SourceTitle "Corr 2022"]
[Source "ChessBase"]
[SourceDate "2021.10.24"]
[SourceVersion "1"]
[SourceVersionDate "2021.10.24"]
[SourceQuality "1"]

1. d4 d5 2. c4 e6 3. Nf3 Nf6 4. Nc3 Be7 5. Bg5 h6 6. Bf4 0-0 7. e3 c5 8. dxc5 Bxc5 9. a3 a5 10. cxd5 exd5 11. Rc1 Nc6 12. Be2 Be6 13. Ne5 1/2-1/2

[Event "SE-2020-0-00314"]
[Site "LSS email"]
[Date "2020.06.16"]
[Round "?"]
[White "Couspeyre, Thierry"]
[Black "Raines, David T"]
[Result "1-0"]
[WhiteElo "1360"]
[BlackElo "1211"]
[PlyCount "59"]
[EventDate "2020.03.01"]
[EventType "tourn (corr)"]
[EventRounds "6"]
[EventCountry "GER"]
[SourceTitle "Corr 2022"]
[Source "ChessBase"]
[SourceDate "2021.10.24"]
[SourceVersion "1"]
[SourceVersionDate "2021.10.24"]
[SourceQuality "1"]

1. b3 d5 2. Bb2 Nf6 3. Nf3 g6 4. e3 Bg7 5. c4 c6 6. Qc2 Bf5 7. Bd3 Bxd3 8. Qxd3 0-0 9. 0-0 Na6 10. cxd5 Nb4 11. Qc4 Nbxd5 12. d4 Qb6 13. Ne5 a6 14. e4 Nxe4 15. Nd7 Qc7 16. Nxf8 Rxf8 17. Re1 Qf4 18. Qe2 f5 19. g3 Qc7 20. Nd2 Nxd2 21. Qxd2 f4 22. Re2 f3 23. Re6 Qd7 24. Rae1 Rf7 25. Ba3 Bf8 26. Qd3 Nc7 27. R6e3 Nb5 28. Bc5 Qd5 29. a4 Nd6 30. Re5 1-0

[Event "OP-2020-0-04979"]
[Site "LSS email"]
[Date "2020.05.31"]
[Round "?"]
[White "Raines, David T"]
[Black "Pauk, Jozef"]
[Result "1-0"]
[WhiteElo "1283"]
[BlackElo "658"]
[PlyCount "59"]
[EventDate "2020.05.26"]
[EventType "tourn (corr)"]
[EventRounds "4"]
[EventCountry "GER"]
[SourceTitle "Corr 2022"]
[Source "ChessBase"]
[SourceDate "2021.10.24"]
[SourceVersion "1"]
[SourceVersionDate "2021.10.24"]
[SourceQuality "1"]

1. d4 d5 2. c4 dxc4 3. Nc3 Bf5 4. e4 Bg6 5. Bxc4 e6 6. Be3 Bb4 7. Nge2 Bxe4 8. 0-0 Bxc3 9. Nxc3 Bf5 10. d5 Qf6 11. Qb3 Ne7 12. Qxb7 0-0 13. Qxa8 Nbc6 14. Qb7 Na5 15. Qb4 Nxc4 16. Qxc4 exd5 17. Nxd5 Nxd5 18. Qxd5 Qg6 19. Qf3 Bg4 20. Qg3 a5 21. h3 Bf5 22. Qxg6 fxg6 23. Rac1 Be6 24. a3 Rf7 25. Rc3 h5 26. Rfc1 Kh7 27. Rxc7 Rf8 28. R1c6 Bd5 29. Ra6 Rf5 30. Raa7 1-0

[Event "OP-2020-0-04979"]
[Site "LSS email"]
[Date "2020.05.31"]
[Round "?"]
[White "Raines, David T"]
[Black "Vodicka, Milan"]
[Result "0-1"]
[WhiteElo "1283"]
[BlackElo "2002"]
[PlyCount "40"]
[EventDate "2020.05.26"]
[EventType "tourn (corr)"]
[EventRounds "4"]
[EventCountry "GER"]
[SourceTitle "Corr 2022"]
[Source "ChessBase"]
[SourceDate "2021.10.24"]
[SourceVersion "1"]
[SourceVersionDate "2021.10.24"]
[SourceQuality "1"]

1. d4 d5 2. c4 c6 3. Nf3 Nf6 4. cxd5 cxd5 5. Nc3 Nc6 6. Bf4 Bf5 7. e3 e6 8. Bb5 Be7 9. h3 0-0 10. 0-0 Nd7 11. a3 Rc8 12. Rc1 a6 13. Bd3 Bxd3 14. Qxd3 Nb6 15. Nd2 Qd7 16. Rfd1 Na5 17. Ncb1 Na4 18. Qf1 Nxb2 19. Rxc8 Rxc8 20. Rc1 b5 0-1

[Event "RE-2020-0-00221"]
[Site "LSS email"]
[Date "2020.05.29"]
[Round "?"]
[White "Raines, David T"]
[Black "Chura, Michal"]
[Result "1-0"]
[WhiteElo "1200"]
[BlackElo "1181"]
[PlyCount "53"]
[EventDate "2020.02.07"]
[EventType "tourn (corr)"]
[EventRounds "6"]
[EventCountry "GER"]
[SourceTitle "Corr 2022"]
[Source "ChessBase"]
[SourceDate "2021.10.24"]
[SourceVersion "1"]
[SourceVersionDate "2021.10.24"]
[SourceQuality "1"]

1. d4 e6 2. c4 Nf6 3. Nf3 b6 4. g3 Bb7 5. Bg2 c5 6. d5 exd5 7. cxd5 Bxd5 8. Nc3 Bb7 9. Qc2 Be7 10. 0-0 0-0 11. e4 d6 12. Rd1 Qc8 13. Nh4 Rd8 14. Nf5 Bf8 15. Bg5 Qe6 16. Bxf6 gxf6 17. Nd5 Na6 18. a3 Rac8 19. Nf4 Qd7 20. Nh5 Be7 21. Qc3 Qe6 22. Nxe7+ Qxe7 23. Nxf6+ Kf8 24. Nxh7+ Kg8 25. Nf6+ Kf8 26. f4 Nc7 27. Nd5 1-0

[Event "RE-2020-0-00220"]
[Site "LSS email"]
[Date "2020.05.19"]
[Round "?"]
[White "Slavin, Pablo"]
[Black "Raines, David T"]
[Result "1-0"]
[WhiteElo "1257"]
[BlackElo "1207"]
[PlyCount "81"]
[EventDate "2020.01.23"]
[EventType "tourn (corr)"]
[EventRounds "6"]
[EventCountry "GER"]
[SourceTitle "Corr 2022"]
[Source "ChessBase"]
[SourceDate "2021.10.24"]
[SourceVersion "1"]
[SourceVersionDate "2021.10.24"]
[SourceQuality "1"]

1. e4 c5 2. Nf3 Nc6 3. Nc3 g6 4. Bb5 Bg7 5. Bxc6 bxc6 6. 0-0 d6 7. Ne2 e5 8. h3 Ne7 9. d3 0-0 10. Ng3 h6 11. Be3 f5 12. exf5 gxf5 13. Bd2 Qe8 14. c4 Rb8 15. Rb1 Qg6 16. Kh2 e4 17. dxe4 fxe4 18. Ng1 Be5 19. N1e2 d5 20. Qc1 Ba6 21. Bxh6 Bxc4 22. Bxf8 Rxf8 23. Qc2 Bd3 24. Qxc5 Bxe2 25. Rfe1 Bd3 26. Qxe7 Bxg3+ 27. fxg3 Bxb1 28. Rxb1 e3 29. Re1 Re8 30. Qxa7 Qe6 31. Qd4 Qe4 32. Qf6 d4 33. Qg5+ Kh7 34. Rf1 Qg6 35. Qh4+ Kg8 36. Qxd4 Qe6 37. Rf4 e2 38. Rg4+ Qxg4 39. Qxg4+ Kf8 40. Qb4+ Kf7 41. Qe1 1-0

[Event "SE-2020-0-00313"]
[Site "LSS email"]
[Date "2020.05.16"]
[Round "?"]
[White "Raines, David T"]
[Black "Chura, Michal"]
[Result "0-1"]
[WhiteElo "1200"]
[BlackElo "1167"]
[PlyCount "50"]
[EventDate "2020.02.06"]
[EventType "tourn (corr)"]
[EventRounds "6"]
[EventCountry "GER"]
[SourceTitle "Corr 2022"]
[Source "ChessBase"]
[SourceDate "2021.10.24"]
[SourceVersion "1"]
[SourceVersionDate "2021.10.24"]
[SourceQuality "1"]

1. d4 Nf6 2. c4 e6 3. Nc3 d5 4. Nf3 Be7 5. Bg5 Nbd7 6. e3 0-0 7. Bd3 dxc4 8. Bxc4 Nb6 9. Bd3 h6 10. Bh4 Nfd5 11. Bxe7 Qxe7 12. Rc1 Qb4 13. Qc2 c6 14. 0-0 Bd7 15. Nxd5 Nxd5 16. a3 Qb6 17. Qe2 Rac8 18. Ne5 Rfd8 19. h4 c5 20. Rfd1 Ba4 21. Qf3 Nf6 22. Nc4 Qc6 23. Qxc6 Rxc6 24. Rd2 cxd4 25. exd4 b5 0-1

[Event "SE-2020-0-00313"]
[Site "LSS email"]
[Date "2020.05.11"]
[Round "?"]
[White "Raines, David T"]
[Black "Senis, Enrico"]
[Result "0-1"]
[WhiteElo "1200"]
[BlackElo "1251"]
[PlyCount "62"]
[EventDate "2020.02.06"]
[EventType "tourn (corr)"]
[EventRounds "6"]
[EventCountry "GER"]
[SourceTitle "Corr 2022"]
[Source "ChessBase"]
[SourceDate "2021.10.24"]
[SourceVersion "1"]
[SourceVersionDate "2021.10.24"]
[SourceQuality "1"]

1. d4 Nf6 2. c4 c5 3. Nf3 e6 4. Nc3 d5 5. cxd5 Nxd5 6. e4 Nxc3 7. bxc3 cxd4 8. cxd4 Bb4+ 9. Bd2 Bxd2+ 10. Qxd2 0-0 11. Bc4 Nd7 12. 0-0 b6 13. Rad1 Bb7 14. Rfe1 Rc8 15. Bd3 Qc7 16. Rc1 Qb8 17. Rcd1 h6 18. Bb1 Rfd8 19. e5 Bxf3 20. gxf3 Nxe5 21. Rxe5 Qxe5 22. dxe5 Rxd2 23. Rxd2 Rc1+ 24. Kg2 Rxb1 25. Rd8+ Kh7 26. Rd7 a5 27. Rxf7 Kg6 28. Rb7 a4 29. h4 b5 30. a3 Rb3 31. Kg3 Kf5 0-1

[Event "RE-2020-0-00220"]
[Site "LSS email"]
[Date "2020.04.30"]
[Round "?"]
[White "Chura, Michal"]
[Black "Raines, David T"]
[Result "0-1"]
[WhiteElo "1154"]
[BlackElo "1207"]
[PlyCount "50"]
[EventDate "2020.01.23"]
[EventType "tourn (corr)"]
[EventRounds "6"]
[EventCountry "GER"]
[SourceTitle "Corr 2022"]
[Source "ChessBase"]
[SourceDate "2021.10.24"]
[SourceVersion "1"]
[SourceVersionDate "2021.10.24"]
[SourceQuality "1"]

1. f4 Nf6 2. Nf3 d5 3. e3 g6 4. b3 Bg7 5. Bb2 0-0 6. Be2 c6 7. 0-0 a5 8. Ne5 Nbd7 9. Nxd7 Bxd7 10. d3 a4 11. Nd2 axb3 12. axb3 Qb6 13. Bd4 c5 14. Bb2 h5 15. Nf3 Ng4 16. Bxg7 Kxg7 17. Qd2 c4 18. Nd4 cxb3 19. Bxg4 b2 20. Rab1 Bxg4 21. Qc3 Kg8 22. Rxb2 Qa6 23. Rfb1 Bc8 24. Nb5 Qa5 25. Nc7 Qxc3 0-1